| 000 | 00552nam a2200145Ia 4500 | ||
|---|---|---|---|
| 008 | 170221s9999 xx 000 0 und d | ||
| 100 | _aNatalia A. Zaitseva | ||
| 245 | 4 | _aThe Long-Term Forecast of the Russian Tourism Development | |
| 245 | _cNatalia A. Zaitseva, Elena G. Kropinova, Valentin S. Korneevets, Irina I. Dragileva, Alexey D. Chudnovskiy | ||
| 260 | _bInternational Review of Management and Marketing | ||
| 260 | _c2017 | ||
| 300 | _a7 : 1 | ||
| 650 | _xMarketing. | ||
| 856 | _uhttp://www.econjournals.com/index.php/irmm/issue/view/83 | ||
| 999 |
_c312356 _d312356 |
||